000 00682nab a2200181 4500
001 244442
003 OSt
005 20231108090140.0
007 tu
008 200917s2020|||||||
040 _aDE-2950
_cDE-2950
245 0 0 _aEine Rarität aus dem alten Preußen
_bSammler. Christian Dobberstein aus Frankfurt (Oder) nennt seit Kurzem ein musikalisches Juwel sein Eigen. Mit der 180 Jahren alten Trompete, ausgestattet mit "Berliner Pumpen", hat er konkrete Pläne/
_cVanessa Kasprick
264 _c2023
653 _aFrankfurt (Oder)
653 _aChristian Dobberstein
773 0 _g34. Jahrgang (2023) Nr. 253 vom 30.10.2023, S. 15: Foto
_tMärkische Oderzeitung
942 _2z
_cA
999 _c372814
_d372814